Anglo-russkij stroiteľnyj slovar

Salvato in:
Dettagli Bibliografici
Natura: Libro
Lingua:russo
inglese
Pubblicazione: Moskva Gosudarstvennoje izdateľstvo techniko-teoretičeskoj literatury 1951
Tags: Aggiungi Tag
Nessun Tag, puoi essere il primo ad aggiungerne!!

MARC

LEADER 00000nam a2200000 4500
001 0314216
005 20260120101929.1
041 0 |a rus 
041 0 |a eng 
044 |a RU 
245 1 0 |a Anglo-russkij stroiteľnyj slovar 
264 1 |a Moskva  |b Gosudarstvennoje izdateľstvo techniko-teoretičeskoj literatury  |c 1951